Arab-O-Hind Ke Taalluqat (Record no. 721)
[ view plain ]
| 000 -LEADER | |
|---|---|
| fixed length control field | 00430nam a2200157 a 4500 |
| 082 00 - DEWEY DECIMAL CLASSIFICATION NUMBER | |
| Classification number | 305.6945097 |
| Author Cutter | NAD |
| 100 ## - MAIN ENTRY--AUTHOR NAME | |
| Author name | Nadvi, Syed Sulaiman |
| 245 ## - TITLE STATEMENT | |
| Title | Arab-O-Hind Ke Taalluqat |
| 260 ## - PUBLICATION, DISTRIBUTION, ETC. (IMPRINT) | |
| Place of publication | Allahabad |
| Name of publisher | Hindustani Academy |
| Year of publication | 1930 |
| 300 ## - PHYSICAL DESCRIPTION | |
| Number of Pages | 408p |
| 500 ## - GENERAL NOTE | |
| General note | includes index and biblioraphy |
| 505 2# - FORMATTED CONTENTS NOTE | |
| Formatted contents note | 12 Volumes in Bounded in Six Volumes |
| 650 ## - SUBJECT ADDED ENTRY--TOPICAL TERM | |
| Topical Term | Islam-Relations India |
| 942 ## - ADDED ENTRY ELEMENTS (KOHA) | |
| Koha item type | Articles |
| 700 1# - | |
| -- | Nadvi, Syed Sulaiman |
| Home library | Current library | Date acquired | Cost, normal purchase price | Full call number | Accession Number | Koha item type |
|---|---|---|---|---|---|---|
| Henry Martyn Institute Library | Henry Martyn Institute Library | 03/29/2007 | 100.00 | 305.6945097 NAD | 04657 | E-Books |
